Guess the Chinese Idols Quiz Stats

 Plays Quiz not verified by Sporcle

Challenge
Share
Tweet
Score 0/37 Timer 15:00
0 Plays Today
% Correct
Amber
98.7%
Jackson
95.1%
Mark
94.4%
Lay
91.6%
Tao
89.9%
Kris
89.7%
Victoria
88.6%
Luhan
85.3%
Henry
83.2%
Tzuyu
82.6%
The8
79.5%
Jun
79%
Zhoumi
76.6%
Winwin
68.1%
Guanlin
66.7%
Chenle
62.7%
Fei
58.5%
Yuqi
53.8%
Jia
50.5%
% Correct
Renjun
50.5%
Cheng Xiao
42.5%
Cao Lu
41.1%
Yibo
38%
Kun
37.6%
Jieqiong
34.7%
Yan An
32.5%
Shuhua
30.8%
Tasty
28.7%
Wenhan
27.7%
Elkie
26.6%
Yixuan
25%
Mei Qi
24.6%
Casper
24.2%
Xuan Yi
22.5%
Hui
20.6%
Sally
15.8%
Zhang Liyin
11.2%

You're not logged in!

Compare scores with friends on all Sporcle quizzes.
OR
Log In

You Might Also Like...

Show Comments

Extras

Created Dec 19, 2016ReportNominate
Tags:Kpop Quiz, Image Quiz, Kpop Quiz

Top Quizzes Today


Score Distribution

Your Account Isn't Verified!

In order to create a playlist on Sporcle, you need to verify the email address you used during registration. Go to your Sporcle Settings to finish the process.

Report this User

Report this user for behavior that violates our Community Guidelines.

Details: